| 000 | 00840nam a22002297a 4500 | ||
|---|---|---|---|
| 005 | 20150929110847.0 | ||
| 010 | _aENG-113667 | ||
| 020 |
_a9788189430733 _c200.00 |
||
| 035 | _aEN-97199 | ||
| 037 | _bDBAD/PUB | ||
| 082 | _a613.7046 | ||
| 100 | _aYogananda, Paramahansa | ||
| 245 |
_aDivine will healing : _cwith additional articles by Mary Kretzmann [and] Kent White ; compiled by Mary Kretzmann, director of the Ananda Healing Prayer Ministry. _bfrom the original teachings of Paramhansa Yogananda / |
||
| 260 |
_aGurgaon _bAnanda Sangha Publications _c2015 |
||
| 270 |
_bGurgaon _aB-10/8, DLF Phase- I _e122002 |
||
| 300 |
_a162p. _c21cm(pbk) |
||
| 650 |
_aYoga _xTherapeutic use. |
||
| 650 | _aMental healing. | ||
| 650 | _a Self-care, Health. | ||
| 700 | _aKretzmann, Mary | ||
| 942 |
_2ddc _cEN _mYOG _h613.7046 |
||
| 999 |
_c95239 _d95239 |
||